NDA/NA National Defence Academy & Naval Academy / (Record no. 214997)

MARC details
000 -LEADER
fixed length control field 00704nam a22001937a 4500
005 - DATE AND TIME OF LATEST TRANSACTION
control field 20260227115608.0
010 ## - LCCN (DPL NO)
LC control number BACEN26
020 ## - INTERNATIONAL STANDARD BOOK NUMBER
International Standard Book Number 9789354888489
Terms of availability 995.00
037 ## - SOURCE OF ACQUISITION
Source of stock number/acquisition Prabhat Exams
082 ## - DEWEY DECIMAL CLASSIFICATION NUMBER
Classification number 000
100 ## - MAIN ENTRY--PERSONAL NAME
Personal name Kesharvani, Birendra
245 ## - TITLE STATEMENT
Title NDA/NA National Defence Academy & Naval Academy /
Statement of responsibility, etc by Birendra Kesharvani
250 ## - EDITION STATEMENT
Edition statement 1
260 ## - PUBLICATION, DISTRIBUTION, ETC. (IMPRINT)
Place of publication, distribution, etc New Delhi
Name of publisher, distributor, etc Prabhat Exam
Date of publication, distribution, etc 2025
270 ## - ADDRESS
Address 4/19 Asaf Ali Road New Delhi
City New Delhi
Postal code 110002
Telephone number 7827007777
Electronic mail address prabhatbooks@gmail.com
300 ## - PHYSICAL DESCRIPTION
Extent vp.
Dimensions 28cm(pb)
500 ## - GENERAL NOTE
General note Entrance Examination Guide 2025 | Mathematics & General Ability Test: 8000+ MCQs With Latest Solved Papers
942 ## - ADDED ENTRY ELEMENTS (KOHA)
Source of classification or shelving scheme Dewey Decimal Classification
Item type English Books
Classification part 000
Call number suffix KES

No items available.


© Delhi Public Library
Hit Counter
free hit counter